Southville International School and Colleges
Your cart is empty.
  • Cart
  • Lists
    Public lists Eva Luna New books Lux_list list_1
    Your lists Log in to create your own lists
  • Log in to your account
  • Your cookies
  • Search history
Southville International School and Colleges
  • Advanced search
  • Recent comments
  • Most popular
  • Libraries

Log in to your account

Log in with GOOGLE


If you do not have an external account, but do have a local account, you can still log in:

  1. Home
  2. MARC view: Top technnology.
Normal view MARC view ISBD view

Top technnology. (Record no. 114496)

[ view plain ]
MARC details
000 -LEADER
fixed length control field 00889nam a2200205 a 4500
005 - DATE AND TIME OF LATEST TRANSACTION
control field 20140414132102.0
008 - FIXED-LENGTH DATA ELEMENTS--GENERAL INFORMATION
fixed length control field 100722s19uu xx 00 eng d
020 ## - INTERNATIONAL STANDARD BOOK NUMBER
International Standard Book Number 978-1-84835-315-2
050 ## - LIBRARY OF CONGRESS CALL NUMBER
Classification number M 327.12
Item number G54 2008
100 ## - MAIN ENTRY--PERSONAL NAME
Personal name Gilbert, Adrian
245 ## - TITLE STATEMENT
Title Top technnology.
260 ## - PUBLICATION, DISTRIBUTION, ETC. (IMPRINT)
Place of publication, distribution, etc London :
Name of publisher, distributor, etc QED,
Date of publication, distribution, etc 2008.
300 ## - PHYSICAL DESCRIPTION
Extent 32 p.
440 ## - SERIES STATEMENT/ADDED ENTRY--TITLE
Title Spy files
500 ## - GENERAL NOTE
General note Includes index. Issued also in French under title: Technologie de pointe.
520 ## - SUMMARY, ETC.
Summary, etc Learn the thrilling histories underlying tech developments and their contribution to covert operations. Primary sources like newspaper clippings and book excerpts augument the text, while "Top Secret Fact" boxes offer surprising details of life in the "underworld."
650 ## - SUBJECT ADDED ENTRY--TOPICAL TERM
Topical term or geographic name as entry element Espionage --Equipment and supplies --Juvenile literature.
650 ## - SUBJECT ADDED ENTRY--TOPICAL TERM
Topical term or geographic name as entry element Espionage --History --Juvenile literature.
Holdings
Withdrawn status Lost status Damaged status Use restrictions Home library Current library Shelving location Date acquired Source of acquisition Cost, normal purchase price Total Checkouts Full call number Barcode Date last seen Price effective from Koha item type
        Munich Library Munich Library Main Section 07/22/2010   75.00   M 327.12 G54 2008 M6344 04/14/2014 04/14/2014 Books

Top technnology.

APA

Gilbert A., . (2008). Top technnology. London: QED.

Chicago

Gilbert Adrian, . 2008. Top technnology. London: QED.

Harvard

Gilbert A., . (2008). Top technnology. London: QED.

MLA

Gilbert Adrian, . Top technnology. London: QED. 2008.

  • Place hold
  • Print
  • Cite
  • Add to your cart (remove)
  • Save record
    BIBTEX Dublin Core MARCXML MARC (non-Unicode/MARC-8) MARC (Unicode/UTF-8) MARC (Unicode/UTF-8, Standard) MODS (XML) RIS
  • More searches
    Search for this title in:
    Other Libraries (WorldCat) Other Databases (Google Scholar) Online Stores (Bookfinder.com) Open Library (openlibrary.org)

Exporting to Dublin Core...

SOUTHVILLE LIBRARY

Southville International School and Colleges Library

1281 Tropical Ave. Cor. Luxembourg St., BF Homes International, Las Pinas City

Tel. No. 8256374 / 252358 Loc. 117/146

Powered by Koha